000
00334 a2200157 4500
001
179591
020
_a
040
_c
Magnum
100
_a
Albergaria, Lino de
240
1
0
_a
A caverna dos elfos
_l
por
245
1
0
_a
A caverna dos elfos
362
0
_a
1899
440
1
_a
LĂȘ
697
_a
MAGNITO: IJ/FADAS, FANTASIA
942
_c
BK
999
_c
179591
_d
179591